00465 a2200133 4500003000500000038001100005082001200016100001400028245005000042260008300092300004200175500005700217856005700274NUST awaseem aBICSE-2 aM. Arshad aExploiting TCP for Covert ChannelscM. Arshad a Islamabad,bNUST School of Electrical Engineering & Computer Science,c 2008. aiv, 44 p.b: ill.c; 27 cm. +eCD-ROM aSupervisors : Dr. Fauzan Mirza, Dr. Syed Ali Khayam. uhttp://10.250.8.41:8080/xmlui/handle/123456789/28728